New And New Faces Friends (Record no. 18620)

MARC details
000 -LEADER
fixed length control field 00323nam a2200121Ia 4500
008 - FIXED-LENGTH DATA ELEMENTS--GENERAL INFORMATION
fixed length control field 220803s9999 xx 000 0 und d
041 ## - LANGUAGE CODE
Language code of text/sound track or separate title eng
082 ## - DEWEY DECIMAL CLASSIFICATION NUMBER
Classification number 823MUJ
100 ## - MAIN ENTRY--PERSONAL NAME
Personal name Mujumdar S
9 (RLIN) 29763
245 ## - TITLE STATEMENT
Title New And New Faces Friends
260 ## - PUBLICATION, DISTRIBUTION, ETC. (IMPRINT)
Name of publisher, distributor, etc. "Symbiosis Centre For International Education, Pune"
Date of publication, distribution, etc. 2014
300 ## - PHYSICAL DESCRIPTION
Extent 230p
Holdings
Withdrawn status Lost status Damaged status Not for loan Home library Current library Date acquired Vendor Cost, normal purchase price Total Checkouts Full call number Barcode Date last seen Bill Date Koha item type Original Barcode
        Dr. Bhanuben Nanavati College of Architecture Dr. Bhanuben Nanavati College of Architecture 16/09/2015 Kamalapurkar Shubhada 400.00   823MUJ BNCA-DB-1270 03/08/2022 03/08/2022 Donated Book DB001270